Entrega Inmediata y Otros Incendios / (Record no. 20130)

MARC details
000 -LEADER
campo de control de longitud fija 00928cam a2200301Ia 4500
001 - NÚMERO DE CONTROL
campo de control 80187
005 - FECHA Y HORA DE LA ÚLTIMA TRANSACCIÓN
campo de control 20230410102144.0
008 - DATOS DE LONGITUD FIJA--INFORMACIÓN GENERAL
campo de control de longitud fija 861105s1985 xx 000 0 spa d
035 ## - NÚMERO DE CONTROL DEL SISTEMA
Número de control de sistema (OCoLC)ocm14636853
040 ## - FUENTE DE CATALOGACIÓN
Centro catalogador/agencia de origen AZU
Centro/agencia transcriptor AZU
Centro/agencia modificador OCLCQ
-- OCLCG
035 ## - NÚMERO DE CONTROL DEL SISTEMA
Número de control de sistema (OCoLC)14636853
050 14 - SIGNATURA TOPOGRÁFICA DE LA BIBLIOTECA DEL CONGRESO
Número de clasificación 118 PQ 7409
Número de ítem C355e 1985
100 1# - ENTRADA PRINCIPAL--NOMBRE DE PERSONA
Nombre de persona Castro, Tomás,
Fechas asociadas al nombre 1959-
245 10 - MENCIÓN DEL TÍTULO
Título Entrega Inmediata y Otros Incendios /
Mención de responsabilidad, etc. Tomás Castro.
250 ## - MENCION DE EDICION
Mención de edición 3a ed. del segundo libro.
260 ## - PUBLICACIÓN, DISTRIBUCIÓN, ETC.
Lugar de publicación, distribución, etc. Santo Domingo, República Dominicana :
Nombre del editor, distribuidor, etc. Editorial Gente,
Fecha de publicación, distribución, etc. 1985.
300 ## - DESCRIPCIÓN FÍSICA
Extensión 69, 67 p. ;
Dimensiones 18 cm.
500 ## - NOTA GENERAL
Nota general Poems.
500 ## - NOTA GENERAL
Nota general Publicado al reverso : Amor a Quemarropa.
501 ## - NOTA DE CON
Nota de "Con" Dos libros recopilados en uno.
650 #4 - PUNTO DE ACCESO ADICIONAL DE MATERIA--TÉRMINO DE MATERIA
Término de materia o nombre geográfico como elemento de entrada CES
650 #4 - PUNTO DE ACCESO ADICIONAL DE MATERIA--TÉRMINO DE MATERIA
Término de materia o nombre geográfico como elemento de entrada Colección Enriquillo Sánchez.
700 12 - ENTRADA AGREGADA--NOMBRE PERSONAL
Nombre de persona Castro, Tomás,
Fechas asociadas al nombre 1959-
Título de la obra Amor a quemarropa.
740 01 - ENTRADA AGREGADA--TÍTULO RELACIONADO/ANALÍTICO NO CONTROLADO
Título relacionado o analítico no controlado Amor a quemarropa.
942 ## - ELEMENTOS DE ENTRADA SECUNDARIOS (KOHA)
Fuente del sistema de clasificación o colocación Clasificación de Library of Congress
Tipo de ítem Koha
994 ## -
-- C0
-- DRFGD
946 ## - PROCESAMIENTO DE INFORMACIÓN LOCAL (OCLC)
a RdC
Holdings
Estatus retirado Estado de pérdida Fuente del sistema de clasificación o colocación Estado de daño No para préstamo Colección Biblioteca de origen Biblioteca actual Ubicación en estantería Fecha de adquisición Serial enumeration / chronology Signatura topográfica completa Código de barras Visto por última vez Copia número Tipo de ítem Koha
    Clasificación de Library of Congress     Recursos Regionales Biblioteca Juan Bosch Biblioteca Juan Bosch Recursos Regionales (2do. Piso) 10/04/2023 1 118 PQ 7409 C355e 1985 00000068965 23/10/2018 1